2.2A Vocabulary Clickable Quiz Stats

Quiz not verified by Sporcle

Challenge
Share
Tweet
Embed
Score 0/48 Timer 15:00
0 Plays Today
% Correct
to get ready
76.9%
deodorant
76.9%
(gold, silver) jewelry
76.9%
beauty salon
76.9%
audition
76.9%
calm
76.9%
to fix (ones hair)
69.2%
to take a bath
69.2%
cologne
69.2%
gel
69.2%
lips
69.2%
special event
69.2%
excited
69.2%
nervous
69.2%
it depends
69.2%
elegant
69.2%
slowly
69.2%
quickly
69.2%
you look (good)
69.2%
to brush (ones teeth)
61.5%
to paint (ones nails)
61.5%
nails
61.5%
before
61.5%
for example
61.5%
% Correct
to cut one's hair
53.8%
to get up
53.8%
to wash (ones face)
53.8%
to put on
53.8%
to get dressed
53.8%
make-up
53.8%
hair
53.8%
then
53.8%
to shave
46.2%
to take a shower
46.2%
shower
46.2%
blow dryer
46.2%
wedding
46.2%
date
46.2%
contest
46.2%
comfortable
46.2%
to go to bed
38.5%
to wake up
38.5%
to borrow (from)
38.5%
to dry
38.5%
brush
38.5%
belt
38.5%
comb
38.5%
towel
38.5%

You're not logged in!

Compare scores with friends on all Sporcle quizzes.
Join for Free
OR
Log In

You Might Also Like...

Show Comments

Extras

Top Quizzes Today


Score Distribution

Your Account Isn't Verified!

In order to create a playlist on Sporcle, you need to verify the email address you used during registration. Go to your Sporcle Settings to finish the process.

Report this User

Report this user for behavior that violates our Community Guidelines.

Details: